000
00284nam a2200097Ia 4500
082
_a
636.755 KILL
245
0
_a
West Highland white terrier : an owner's guide
100
_a
KILLICK, Robert London, 2003
_9
96471
942
_c
BK
008
210817s9999 xx 000 0 und d
999
_c
405378
_d
405377